000 00276nam a22001337a 4500
008 181012b xxu||||| |||| 00| 0 eng d
020 _a639785326694
041 _aeng
080 _a521
100 _a42
101 _aAST
245 _aAstronomy
_cPalen, S
942 _2udc
_cBK
999 _c49542
_d49542